Načítá se...

Economic theory and underdeveloped regions

Podrobná bibliografie
Hlavní autor: Myrdal, Gunnar
Médium: Printed Book
Vydáno: Vora & Company Publishers Ltd., Bombay 1958
Témata:
LEADER 00534nam a2200193 4500
020
082 |a 338.9D MYR-E 
100 |a Myrdal, Gunnar 
245 |a Economic theory and underdeveloped regions 
250
260 |a Vora & Company Publishers Ltd., Bombay  |c 1958 
300
490
500
590
650 |a Economic development-- Economic Planning 
942 |c BK 
999 |c 106900  |d 106900 
952 |0 0  |1 0  |4 0  |6 338_000000000000000_9D_MYRE  |7 0  |9 120367  |a ECN  |b ECN  |l 0  |o 338.9D MYR-E  |p ECN03936  |r 2019-09-25  |w 2019-09-25  |y BK